Nations Celtes - Statistiques

Statistiques générales
  • Ce quiz a été pris 64 fois
  • Le résultat moyen est 5 sur 8
Statistiques - réponses
Hint Réponse % Correct
Membres de la Ligue celtique Irlande
98%
Membres de la Ligue celtique Écosse
94%
Membres de la Ligue celtique Bretagne
89%
Membres de la Ligue celtique Pays de Galles
89%
Membres de la Ligue celtique Île de Man
67%
Membres de la Ligue celtique Cornouailles
41%
Provinces se réclamant de culture celte Galice
35%
Provinces se réclamant de culture celte Asturies
19%
Aucun quiz correspondant
Distribution des résultats
% des personnes avec chaque résultat
Percentile par nombre de réponses
Votre historique - résultats
Vous n’avez pas pris ce quiz